000
00186 a2200097 4500
001
9082
100
_a
Shelford, W O
245
_a
Subsunk
260
_a
_b
Harrap
_c
090
_c
7261
_d
7261
942
_a
NUST-CAE
_c
M
_c
33891
999
_c
244155
_d
244155